Drug policy in the Americas
Guardat en:
| Autor principal: | |
|---|---|
| Format: | Llibre |
| Publicat: |
Boulder
Westview Press
1992
|
| Matèries: | |
| Accés en línia: | Visit NHRC Library |
| Etiquetes: |
Afegir etiqueta
Sense etiquetes, Sigues el primer a etiquetar aquest registre!
|
| LEADER | 01262nam a22002537a 4500 | ||
|---|---|---|---|
| 001 | 3922677 | ||
| 010 | |a 92015740 | ||
| 020 | |a 0813382408 | ||
| 060 | |a QV 32 | ||
| 082 | 0 | 0 | |2 20 |
| 100 | |a Smith, Peter H. |9 1443 | ||
| 245 | 0 | 0 | |a Drug policy in the Americas |c edited by Peter H. Smith. |
| 260 | |a Boulder |b Westview Press |c 1992 | ||
| 300 | |a x, 366 p. ; |c 24 cm. | ||
| 500 | |a Result of a series of workshops held at the University of California, San Diego in 1990-1991 under the auspices of the Project on Hemispheric Cooperation for the Prevention of Drug Abuse and Traffic. | ||
| 504 | |a Includes bibliographical references and index. | ||
| 650 | 0 | |a Drug control |z Latin America. |9 1444 | |
| 650 | 0 | |a Drug control |x International cooperation. |9 1445 | |
| 650 | 0 | |a Drug traffic |z Latin America. |9 1446 | |
| 856 | 4 | 2 | |3 Contributor biographical information |u http://www.loc.gov/catdir/enhancements/fy0833/92015740-b.html |y Visit NHRC Library |
| 942 | |2 NLM |c BK | ||
| 952 | |0 0 |1 0 |2 NLM |4 0 |6 QV_32_000000000000000_SMI_1992 |7 0 |9 1553 |a NHRC |b NHRC |c CART |d 2013-04-03 |l 0 |o QV 32/ SMI/1992 |p 000003 |r 2013-04-03 |w 2013-04-03 |y BK | ||
| 955 | |a pc16 to br00 04-17-92; br28 to SCD 04-20-92; hh11 (subj.) 04-21-92; hh03 04-22-92; CIP ver. sb16 10-20-92; sb03 10-21-92 | ||
| 999 | |c 1512 |d 1512 | ||